|
|
|
|
| LEADER |
00000nam a2200000 a 4500 |
| 001 |
vtls008365372 |
| 003 |
SK-MaSNL |
| 005 |
20260301140913.0 |
| 008 |
251124s1923 xo slo |
| 015 |
|
|
|a SKSNBA19191938-000903
|
| 035 |
|
|
|a SK01SNKBSKHR20020057589
|
| 035 |
|
|
|a SKM000060052
|
| 040 |
|
|
|a SNK
|b slo
|c SNK
|e AACR2
|
| 041 |
1 |
|
|a slo
|
| 044 |
|
|
|a xo
|a ag
|
| 080 |
|
|
|a 929 Savio, Dominik
|2 1981
|
| 100 |
1 |
|
|a Bosco, Ján,
|c svätý,
|d 1815-1888
|4 aut
|9 155860
|
| 245 |
1 |
0 |
|a Život Dominika Savio
|c Ján Bosco - rehoľník ; poslov. Michal Branický
|
| 260 |
|
|
|a Peros-Argentína
|b Saleziánsky ústav pre Slovákov
|c 1923
|e Trnava
|f Spolok Sv. Vojtecha
|
| 300 |
|
|
|a 103, [3] s.
|c 8°
|
| 500 |
|
|
|a Ilustr.
|
| 600 |
1 |
|
|a Savio, Dominik,
|c svätý,
|d 1842-1857
|2 SNK
|9 39330
|
| 655 |
|
7 |
|a autobiografie
|2 SNKPH
|9 70280
|
| 700 |
1 |
|
|a Branický, Michal,
|d 1877-1937
|4 trl
|9 199545
|
| 852 |
|
|
|a Slovenská národná knižnica v Martine
|b 10000
|h MS SD 3364
|
| 852 |
|
|
|a Univerzitná knižnica v Bratislave
|b 300000
|h SF 687
|
| 852 |
|
|
|a Univerzitná knižnica v Bratislave
|b 300000
|h XXF 269
|
| 958 |
|
|
|a OND
|
| 958 |
|
|
|a RK
|
| 958 |
|
|
|a TL
|
| 999 |
|
|
|c 765404
|d 767334
|
| 952 |
|
|
|a SNK
|b SNK
|y VYP
|7 0
|p 17A0532651
|o snkSD 3364 D1
|i snkKSF 3767/57
|8 5
|3 rekatalogizácia
|0 0
|1 0
|4 0
|d 2006-12-23
|l 0
|r 2026-02-24 00:17:34
|w 2026-02-24
|